| 000 | 00691cam a22002417a 4500 | ||
|---|---|---|---|
| 003 | CHAP | ||
| 005 | 20220329141430.0 | ||
| 008 | 971013s r 00010 d | ||
| 010 | _a68039 | ||
| 011 | _a69011 | ||
| 035 | _a78485 | ||
| 040 | _cCHAP | ||
| 090 | _aR-2824 | ||
| 100 | 0 | 0 |
_aHrabetova - Uhrova, Anezka. _956547 |
| 245 | 1 | 2 | _aO hlozich (Crataegus L.) ve Slezsku |
| 500 | _aSobretiro de : Acta musei Slesiae. Series Dendrologia 24 : 113-120, 1975 | ||
| 590 |
_aBATCH-UPD _b10 _c20130110 _lUCH01 _h0744 |
||
| 590 |
_aCONVERSION _b10 _c20130109 _lUCH01 _h1337 |
||
| 650 | 1 | 4 |
_aTejocote. _9112033 |
| 901 | _aBK | ||
| 942 | _cREIMP | ||
| 949 |
_aR-2824 _bBC _cR _d-31359 _eTS1 _i78485 _si |
||
| 999 |
_c68039 _d68039 |
||